Research of the material composition of soils on the territory of the Amur oil refinery; Проблемы геологии и освоения недр; Т. 2

מידע ביבליוגרפי
Parent link:Проблемы геологии и освоения недр: труды XVII Международного симпозиума имени академика М. А. Усова студентов и молодых ученых, Томск, 1-5 апреля 2013 г./ Национальный исследовательский Томский политехнический университет (ТПУ), Институт природных ресурсов (ИПР) ; Общество инженеров-нефтяников, Студенческий чаптер ; под ред. А. Ю. Дмитриева.— , 2013
Т. 2.— 2013.— [С. 862-863]
מחבר ראשי: Yuzhanina A. A.
Corporate Authors: Национальный исследовательский Томский политехнический университет (ТПУ) Институт природных ресурсов (ИПР) Кафедра иностранных языков (ИЯПР), Национальный исследовательский Томский политехнический университет (ТПУ) Институт природных ресурсов (ИПР) Кафедра геоэкологии и геохимии (ГЭГХ)
מחברים אחרים: Moiseeva A. E. (научный руководитель), Rybalko V. I. Vladimir Igorevich, Matveenko I. A. Irina Alekseevna
סיכום:Заглавие с экрана
שפה:אנגלית
יצא לאור: 2013
סדרה:Geology, mining and petroleum engineering
נושאים:
גישה מקוונת:http://www.lib.tpu.ru/fulltext/c/2013/C11/V2/428.pdf
פורמט: MixedMaterials אלקטרוני Book Chapter
KOHA link:https://koha.lib.tpu.ru/cgi-bin/koha/opac-detail.pl?biblionumber=605518

MARC

LEADER 00000naa2a2200000 4500
001 605518
005 20231101132345.0
035 |a (RuTPU)RU\TPU\conf\2820 
035 |a RU\TPU\conf\2817 
090 |a 605518 
100 |a 20140417d2013 k y0rusy50 ba 
101 0 |a eng 
102 |a RU 
105 |a y z 100zy 
135 |a arnn ---uucaa 
181 0 |a i  
182 0 |a b 
200 1 |a Research of the material composition of soils on the territory of the Amur oil refinery  |f A. A. Yuzhanina, A. E. Moiseeva  |g Sci. adv. V. I. Rybalko, I. A. Matveenko 
203 |a Текст  |c электронный 
225 1 |a Geology, mining and petroleum engineering 
230 |a 1 компьютерный файл (pdf; 127 Кб) 
300 |a Заглавие с экрана 
320 |a [Библиогр.: с. 863 (7 назв.)] 
337 |a Adobe Reader 
461 1 |0 (RuTPU)RU\TPU\conf\37  |t Проблемы геологии и освоения недр  |o труды XVII Международного симпозиума имени академика М. А. Усова студентов и молодых ученых, Томск, 1-5 апреля 2013 г.  |o в 2 т.  |f Национальный исследовательский Томский политехнический университет (ТПУ), Институт природных ресурсов (ИПР) ; Общество инженеров-нефтяников, Студенческий чаптер ; под ред. А. Ю. Дмитриева  |d 2013 
463 1 |0 (RuTPU)RU\TPU\conf\39  |t Т. 2  |v [С. 862-863]  |d 2013 
610 1 |a труды учёных ТПУ 
610 1 |a электронный ресурс 
610 1 |a вещественный состав 
610 1 |a почва 
610 1 |a Амур 
610 1 |a выбросы 
610 1 |a почвенный покров 
700 1 |a Yuzhanina  |b A. A. 
701 1 |a Moiseeva  |b A. E. 
702 1 |a Rybalko  |b V. I.  |c geologist  |c Assistant of Tomsk Polytechnic University  |f 1988-  |g Vladimir Igorevich  |2 stltpush  |4 727 
702 1 |a Matveenko  |b I. A.  |c linguist  |c Associate Professor of Tomsk Polytechnic University, Candidate of philological science  |f 1967-  |g Irina Alekseevna  |2 stltpush  |4 727 
712 0 2 |a Национальный исследовательский Томский политехнический университет (ТПУ)  |b Институт природных ресурсов (ИПР)  |b Кафедра иностранных языков (ИЯПР)  |h 6735  |2 stltpush  |3 (RuTPU)RU\TPU\col\18662 
712 0 2 |a Национальный исследовательский Томский политехнический университет (ТПУ)  |b Институт природных ресурсов (ИПР)  |b Кафедра геоэкологии и геохимии (ГЭГХ)  |h 259  |2 stltpush  |3 (RuTPU)RU\TPU\col\18658 
801 2 |a RU  |b 63413507  |c 20230316  |g RCR 
856 4 |u http://www.lib.tpu.ru/fulltext/c/2013/C11/V2/428.pdf 
942 |c BK